000 00367nam a22001337a 4500
082 _a958.1
_bSUL
_cL-30, P-182
100 _aSulary, Z.A
_949115
245 _aMasala Afghanistan
_cSulary, Z.A
260 _aLahore
_bJung Publisher Press
_c1988
300 _a292p.:
_bill,;
_c20 cm.
526 _a0
_b0
_c0
_d958_100000000000000_SUL
650 _aMCE
_9379
942 _2ddc
_cBK
999 _c551946
_d551946